[Event "Sao Jose dos Campos op"]
[Site "Sao Jose dos Campos"]
[Date "2022.09.11"]
[Round "7"]
[White "Goussain, Blaha Gregory Corre"]
[Black "Borges, Gabriel Lira"]
[Result "1/2-1/2"]
[WhiteElo "1824"]
[BlackElo "1800"]
[PlyCount "21"]
[EventDate "2022.09.08"]
[EventType "swiss"]
[EventRounds "7"]
[EventCountry "BRA"]
[SourceTitle "CBM 210 Extra"]
[Source "ChessBase"]
[SourceDate "2022.11.30"]
[SourceVersion "1"]
[SourceVersionDate "2022.11.30"]
[SourceQuality "1"]

1. d4 Nf6 2. Bf4 d6 3. e3 g6 4. h3 c6 5. c3 Bg7 6. Nf3 0-0 7. Be2 Nbd7 8. 0-0 Re8 9. Bh2 e5 10. dxe5 dxe5 11. Nbd2 1/2-1/2